|
|
|
|
| LEADER |
00761nas a2200193 i 4500 |
| 001 |
acta42806 |
| 005 |
20260224081030.0 |
| 008 |
170519s2009 hu o 000 hun d |
| 022 |
|
|
|a 1417-3875
|
| 040 |
|
|
|a SZTE Egyetemi Kiadványok Repozitórium
|b hun
|
| 041 |
|
|
|a hun
|
| 100 |
1 |
|
|a Wang Liancheng
|
| 245 |
1 |
0 |
|a Bifurcation analysis of a Kaldor-Kalecki model of business cycle with time delay
|h [elektronikus dokumentum] /
|c Wang Liancheng
|
| 260 |
|
|
|c 2009
|
| 300 |
|
|
|a 1-20
|
| 490 |
0 |
|
|a Electronic journal of qualitative theory of differential equations : special edition
|v 1 No. 27
|
| 695 |
|
|
|a Bifurkáció, Kaldor-Kalecki képlet
|
| 700 |
0 |
1 |
|a Xiaoqin Wu
|e aut
|
| 856 |
4 |
0 |
|u http://acta.bibl.u-szeged.hu/42806/1/ejqtde_spec_001_2009_027_001-020.pdf
|z Dokumentum-elérés
|